=Em busca da sombra (Record no. 44551)

MARC details
000 -LÍDER
campo de controle de tamanho fixo 00342 a2200157 4500
001 - NÚMERO DE CONTROLE
campo de controle 44551
020 ## - ISBN - INTERNATIONAL STANDARD BOOK NUMBER
ISBN - International Standard Book Number 8576751755
040 ## - FONTE DA CATALOGAÇÃO
Instituição que transcreveu o registro Anchieta - Aquarius
100 ## - ENTRADA PRINCIPAL--NOME PESSOAL
Nome pessoal Montoro, Suzana
240 10 - TÍTULO UNIFORME
Título uniforme =Em busca da sombra
Idioma da obra por
245 10 - TÍTULO
Título =Em busca da sombra
300 ## - DESCRIÇÃO FÍSICA
Extensão 69
362 0# - DATAS DE PUBLICAÇÃO E/OU DESIGNAÇÃO SEQUENCIAL
Datas de publicação e/ou designação sequencial 2007
650 #4 - ASSUNTO--TERMO TÓPICO
Cabeçalho tópico ou nome geográfico Literatura brasileira
942 ## - ELEMENTOS DE ENTRADA ADICIONADOS (KOHA)
Tipo de material Koha Livros
Holdings
Situação do descarte Situação das perdas Situação física Não pode ser emprestado Biblioteca de origem Biblioteca atual Data de aquisição Total de empréstimos Número de chamada completo Código de barras Data de último acesso Data do preço efetivo Tipo de material Koha
        Colégio Anchieta - Aquarius Colégio Anchieta - Aquarius 21/11/2023   869.93 MON EMB 763/AQU 21/11/2023 21/11/2023 Livros
        Colégio Anchieta - Aquarius Colégio Anchieta - Aquarius 21/11/2023   869.93 MON EMB 764/AQU 21/11/2023 21/11/2023 Livros